Revista electrn̤ica de Derecho Informt̀ico

Detalles Bibliográficos
Formato: Desconocido
Lenguaje:español
Publicado: Barcelona : vLex Networks S. L.
Materias:
Acceso en línea:Acceso restringido

MARC

LEADER 00000ny a22000003n 4500
005 20110511114828.0
008 060119s19uu9999sp 000 0 spa d
022 |a 1576-7124 
035 |a 29 
040 |a UPO  |d vLex 
090 |c 1633  |d 1633 
245 0 0 |a Revista electrn̤ica de Derecho Informt̀ico  |h [Recurso electrn̤ico] 
246 3 |a REDI 
256 |a Servicio en ln̕ea 
260 |a Barcelona :  |b vLex Networks S. L. 
310 |a Mensual 
506 1 |a Contenido solo disponible en los productos indicados  |d vLex Global  |d vLex Global (Academic Edition, excluding Law Schools)  |d vLex Global (U.S. Academic Edition, Law Schools)  |d vLex Global (U.S. Academic Edition, excluding Law Schools)  |d vLex Global (Academic Edition, Law Schools) 
650 0 4 |a Informt̀ica  |x Derecho  |x Publicaciones perid̤icas 
740 0 |a vLex Revista (Servicios en ln̕ea) 
843 |a Electrn̤ica. Cerrada 
853 |8 1  |i (year)  |j (month)  |k (day) 
856 4 0 |z Acceso restringido  |u http://vlex.com/account/login_ip?fuente_id=29 
942 |c REV